Culture Générale #08 - Statistiques

Statistiques générales
  • Ce quiz a été pris 237 fois
  • Le résultat moyen est 11 sur 20
Statistiques - réponses
Questions Réponses % Correct
Quel fête célébré les irlandais le 17 mars ? la Saint-Patrick
87%
Combien de côtés possède un dodécagone ? 12
85%
Avec quel rappeur américain, la chanteuse Beyoncé s’est-elle mariée en 2008 ? Jay-Z
79%
De quelle ville sont originaire les membres des Beatles ? Liverpool
79%
Quelle est la couleur la plus courante des fleurs de myosotis ? Bleu
76%
Quel club de rugby français est celui qui a remporté le plus de fois le Championnat de France ? Toulouse
76%
Quel roi de France proclama l’édit de Nantes en 1598 ? Henri IV
74%
Qui a été le tout premier président de la République en France ? Louis-Napoléon Bonaparte
65%
Combien de départements compte-t-on en France métropolitaine et départements d’outre-mer ? 101
61%
De quel État Yasser Arafat était-il le leader ? la Palestine
56%
Quel rappeur français s’appelle en réalité Eli Yaffa ? Booba
53%
Quelle marque a été fondée par le frère du créateur de la marque Adidas ? Puma
53%
Qui est connu pour avoir tiré à l’arbalète dans une pomme posée sur la tête de son fils ? Guillaume Tell
52%
Quel échelle permet de mesurer l’intensité des piments ? l’échelle de Scoville
52%
Comment s’appelle le village de Haute-Vienne, resté tristement célèbre pour le massacre de sa population par les soldats allemands le 10 juin 1944 ? Oradour-sur-Glane
45%
Dans quel sport, le Brésilien Nelson Piquet fut-il triple champion du monde dans les années 1980 ? Formule 1
44%
Quelle célèbre phrase César a-t-il prononcé en franchissant le fleuve Rubicon ? Alea jacta est
37%
Quel mot désigne l'échelle des notes qui peuvent être émises par une personne, sans difficulté et avec le même volume sonore ? la tessiture
23%
En quelle année Jeanne d’Arc est-elle brûlée vive sur la place du Vieux-Marché à Rouen ? 1431
22%
Quel est l’animal national de l’Écosse ? la Licorne
19%
Aucun quiz correspondant
Distribution des résultats
% des personnes avec chaque résultat
Percentile par nombre de réponses
Votre historique - résultats
Vous n’avez pas pris ce quiz